Normal view
MARC view
- التاريخ السياسي الحديث 1500-1970 -عمان-تاريخ
Entry Topical Term
001 - CONTROL NUMBER
- control field: 45119
003 - CONTROL NUMBER IDENTIFIER
- control field: JO-AjAnu
005 - DATE AND TIME OF LATEST TRANSACTION
- control field: 20230606081451.0
008 - FIXED-LENGTH DATA ELEMENTS
- fixed length control field: 230606|| aca||aabn | a|a d
040 ## - CATALOGING SOURCE
- Original cataloging agency: JO-AjAnu
- Transcribing agency: JO-AjAnu
150 ## - HEADING--TOPICAL TERM
- Topical term or geographic name entry element: التاريخ السياسي الحديث 1500-1970 -عمان-تاريخ
670 ## - SOURCE DATA FOUND
- Source citation: Work cat.: (JO-AjAnu)23102: غباش، حسين ؛ نقلها الى العربية حمصي، أنطوان, author 45118, عمان: الديمقراطية الإسلامية: تقاليد الآمامة والتاريخ السياسي الحديث 1500-1970